Normal view MARC view
  • supervised by Raja Iqbal

Entry Personal Name

Number of records used in: 4

001 - CONTROL NUMBER

  • control field: 131764

003 - CONTROL NUMBER IDENTIFIER

  • control field: NUST

005 - DATE AND TIME OF LATEST TRANSACTION

  • control field: 20251110181119.0

008 - FIXED-LENGTH DATA ELEMENTS

  • fixed length control field: 251110|| aca||aabn | a|a d

040 ## - CATALOGING SOURCE

  • Original cataloging agency: NUST
  • Transcribing agency: NUST

100 ## - HEADING--PERSONAL NAME

  • Personal name: supervised by Raja Iqbal

670 ## - SOURCE DATA FOUND

  • Source citation: Work cat.: (NUST)182159: Yaqub, GC Muhammad Arif (TCC-5) 131761, Simulation of PCM, DPCM, LDM and ADM on real time captured speech signals /, 1997
© 2023 Central Library, National University of Sciences and Technology. All Rights Reserved.